Movies Quiz

Random Movies Quiz

Natural Disaster Movies Quiz Stats

 Plays Quiz not verified by Sporcle

Support Sporcle.
Go Orange.
Score 0/14 Timer 05:00
0 Plays Today
Natural Disaster Movie % Correct
Global Warming freezes out NYC.The Day After Tomorrow
88.4%
Storm chasers are chased by storms.Twister
86.4%
An asteroid the size of Texas threatens earth.Armageddon
82.1%
Date of destiny2012
79.5%
Los Angeles is turned into Pompeii.Volcano
78.7%
Part of an asteroid hits earth and destroys the eastern seaboard.Deep Impact
72.7%
The center of the earth stops spinning.The Core
61.9%
Natural Disaster Movie % Correct
Hot lava threatens this desirable place to live.Dante's Peak
61.9%
A tidal wave capsizes an ocean liner.The Poseidon Adventure
51.1%
Ava Gardner's world is shaken up.Earthquake
47.2%
Using Math to predict the end of the world.Knowing
46.3%
Killer Bees attack american cititesThe Swarm
29.8%
America and the USSR team up against a killer Meteor.Meteor
26.7%
An active volcano threatens a south Pacific island resort and Paul Newman.When Time Ran Out
11.1%

You're not logged in!

Compare scores with friends on all Sporcle quizzes.
OR
Log In

From the Vault

Finish the Famous Movie Quote

by lolshortee

Quotes just don't sound good without their final _____.
Remove Ads.
Support Sporcle.
Get the best of Sporcle when you Go Orange. This ad-free experience offers more features, more stats, and more fun while also helping to support Sporcle. Thank you for becoming a member.

Show Comments

Extras

Created Mar 1, 2011ReportNominate
Tags:Natural Disasters

Top Quizzes Today


Score Distribution

Your Account Isn't Verified!

In order to create a playlist on Sporcle, you need to verify the email address you used during registration. Go to your Sporcle Settings to finish the process.

Report this User

Report this user for behavior that violates our Community Guidelines.

Details: